[Event "Hastings Premier 1983/84 59th"]
[Site "Hastings"]
[Date "1984.01.10"]
[Round "12"]
[White "Martin, Andrew D"]
[Black "Kudrin, Sergey Gennadyevich"]
[Result "0-1"]
[WhiteElo "2340"]
[BlackElo "2510"]
[PlyCount "98"]
[EventDate "1983.12.28"]
[EventType "tourn"]
[EventRounds "13"]
[EventCountry "ENG"]
[EventCategory "11"]
[SourceTitle "Britbase"]
[Source "John Saunders"]
[SourceDate "2025.01.01"]
[SourceVersion "1"]
[SourceVersionDate "2025.01.01"]
[SourceQuality "1"]

1. d4 Nf6 2. c4 e6 3. Nf3 c5 4. d5 exd5 5. cxd5 g6 6. Nc3 d6 7. Nd2 Bg7 8. e4 O-O 9. Be2 Ne8 10. O-O f5 11. exf5 Bxf5 12. Nc4 Na6 13. Kh1 Nac7 14. a4 Qh4 15. f4 Rd8 16. Bf3 Bd4 17. Ne2 Bh8 18. Ng3 Ng7 19. Qb3 b6 20. Bd2 Bc8 21. Rfe1 Nf5 22. Nxf5 Bxf5 23. g3 Qf6 24. Bc3 Qf7 25. Ne3 Rfe8 26. Rad1 Bg7 27. Bxg7 Kxg7 28. Qc4 Bc8 29. b4 Qf6 30. bxc5 bxc5 31. Ng4 Qb2 32. Qf1 Qc3 33. Rc1 Rxe1 34. Rxe1 Bxg4 35. Bxg4 Nxd5 36. Rc1 Qf6 37. Qa6 Qe7 38. Bf3 Nb4 39. Qc4 Qe3 40. Rf1 Qd3 41. Qc1 Rf8 42. Bg2 Qd4 43. h3 Nd3 44. Qb1 c4 45. Kh2 Qb2 46. Qd1 Re8 47. Qg4 Re2 48. Qd7+ Kh6 49. Rg1 Ne1 0-1

[Event "Hastings Premier 1983/84 59th"]
[Site "Hastings"]
[Date "1984.01.10"]
[Round "12"]
[White "Short, Nigel D"]
[Black "Gurevich, Dmitry"]
[Result "1-0"]
[WhiteElo "2475"]
[BlackElo "2510"]
[PlyCount "75"]
[EventDate "1983.12.28"]
[EventType "tourn"]
[EventRounds "13"]
[EventCountry "ENG"]
[EventCategory "11"]
[SourceTitle "Britbase"]
[Source "John Saunders"]
[SourceDate "2025.01.01"]
[SourceVersion "1"]
[SourceVersionDate "2025.01.01"]
[SourceQuality "1"]

1. e4 c5 2. Nf3 d6 3. d4 Nf6 4. Nc3 cxd4 5. Nxd4 e6 6. g4 h6 7. Rg1 Nc6 8. h4 h5 9. g5 Ng4 10. Be2 Qb6 11. Bxg4 hxg4 12. Nxc6 bxc6 13. Qxg4 e5 14. Qg3 Be6 15. b3 d5 16. Bd2 Ba3 17. Qxe5 O-O-O 18. g6 dxe4 19. Rd1 Bc5 20. gxf7 Bxf2+ 21. Ke2 Rxd2+ 22. Rxd2 Bg4+ 23. Kf1 Bxg1 24. Qe8+ Kb7 25. Qe7+ Ka6 26. Qa3+ Kb7 27. f8=Q Rxf8+ 28. Qxf8 Bh3+ 29. Ke1 e3 30. Qxg7+ Qc7 31. Qxc7+ Kxc7 32. Rd4 c5 33. Rc4 Kd6 34. Ne4+ Ke5 35. Nxc5 Bg2 36. Nd3+ Kf5 37. Rf4+ Ke6 38. Rg4 1-0

[Event "Hastings Premier 1983/84 59th"]
[Site "Hastings"]
[Date "1984.01.12"]
[Round "13"]
[White "Gurevich, Dmitry"]
[Black "Alburt, Lev O"]
[Result "0-1"]
[WhiteElo "2510"]
[BlackElo "2570"]
[PlyCount "128"]
[EventDate "1983.12.28"]
[EventType "tourn"]
[EventRounds "13"]
[EventCountry "ENG"]
[EventCategory "11"]
[SourceTitle "Britbase"]
[Source "John Saunders"]
[SourceDate "2025.01.01"]
[SourceVersion "1"]
[SourceVersionDate "2025.01.01"]
[SourceQuality "1"]

1. d4 Nf6 2. c4 c5 3. d5 b5 4. cxb5 a6 5. bxa6 g6 6. Nc3 Bxa6 7. Nf3 d6 8. e4 Bxf1 9. Kxf1 Bg7 10. g3 O-O 11. Kg2 Nbd7 12. h3 Qb6 13. Re1 Ne8 14. Qc2 Nc7 15. Rb1 Rfb8 16. Bg5 h6 17. Bd2 Na6 18. a3 c4 19. Be3 Nac5 20. Na2 Qb3 21. Qxb3 Rxb3 22. Nd2 Rxb2 23. Rxb2 Bxb2 24. Nxc4 Bxa3 25. Bxh6 Bb2 26. Nxb2 Rxa2 27. Nc4 f6 28. h4 Nd3 29. Rf1 N7c5 30. Nd2 g5 31. Rd1 Na4 32. hxg5 Nc3 33. Rf1 Rxd2 34. gxf6 Ra2 35. fxe7 Kf7 36. Be3 Nxe4 37. Rd1 Ne5 38. Re1 Nd3 39. Rd1 Ne5 40. Re1 Nf6 41. Bd4 Ned7 42. Re6 Ne8 43. Kf3 Rd2 44. Ke4 Rc2 45. g4 Nc5+ 46. Bxc5 Rxc5 47. g5 Rc1 48. g6+ Kg7 49. f4 Re1+ 50. Kf5 Rg1 51. Re2 Rxg6 52. Ra2 Kf7 53. Ra7 Rg1 54. Rd7 Re1 55. Kg5 Rxe7 56. Rd8 Ra7 57. Kf5 Ke7 58. Rb8 Nf6 59. Rb5 Ra4 60. Rb7+ Nd7 61. Rb5 Rc4 62. Rb1 Rd4 63. Kg5 Rxd5+ 64. Kg6 Nf8+ {Sources: bulletin; Tournament Chess Vol.13, p32} 0-1

[Event "Hastings Premier 1983/84 59th"]
[Site "Hastings"]
[Date "1984.01.12"]
[Round "13"]
[White "Hebden, Mark L"]
[Black "Mestel, A Jonathan"]
[Result "1-0"]
[WhiteElo "2495"]
[BlackElo "2500"]
[PlyCount "107"]
[EventDate "1983.12.28"]
[EventType "tourn"]
[EventRounds "13"]
[EventCountry "ENG"]
[EventCategory "11"]
[SourceTitle "Britbase"]
[Source "John Saunders"]
[SourceDate "2025.01.01"]
[SourceVersion "1"]
[SourceVersionDate "2025.01.01"]
[SourceQuality "1"]

1. e4 c5 2. f4 g6 3. Nf3 Bg7 4. g3 d5 5. exd5 Qxd5 6. Nc3 Qe6+ 7. Be2 Nc6 8. O-O Nh6 9. b3 O-O 10. Bb2 b6 11. Na4 Bb7 12. Bxg7 Kxg7 13. Bc4 Qd6 14. c3 Rad8 15. Qe2 Rfe8 16. Rae1 Nf5 17. Nb2 Ncd4 18. Qe5+ f6 19. Qxd6 Nxf3+ 20. Rxf3 Nxd6 21. Rfe3 Nxc4 22. Nxc4 Kf7 23. d3 Bc8 24. Kf2 Bf5 25. Nb2 Rd7 26. Ke2 Red8 27. Kd2 h6 28. h4 Rg8 29. Rf1 Rd5 30. a4 Rgd8 31. Kc2 R8d7 32. a5 R5d6 33. c4 Re6 34. Rxe6 Kxe6 35. Kc3 Bh3 36. Re1+ Kf5 37. Nd1 Kg4 38. Re3 Bg2 39. Nf2+ Kf5 40. Re1 h5 41. Rg1 Bc6 42. axb6 axb6 43. Ra1 e5 44. fxe5 Kxe5 45. Rf1 g5 46. hxg5 fxg5 47. g4 Bf3 48. gxh5 g4 49. Re1+ Kf5 50. Re8 Kg5 51. h6 g3 52. Rf8 g2 53. Rxf3 g1=Q 54. Nh3+ 1-0

[Event "Hastings Premier 1983/84 59th"]
[Site "Hastings"]
[Date "1984.01.12"]
[Round "13"]
[White "Sax, Gyula"]
[Black "Martin, Andrew D"]
[Result "0-1"]
[WhiteElo "2570"]
[BlackElo "2340"]
[PlyCount "66"]
[EventDate "1983.12.28"]
[EventType "tourn"]
[EventRounds "13"]
[EventCountry "ENG"]
[EventCategory "11"]
[SourceTitle "Britbase"]
[Source "John Saunders"]
[SourceDate "2025.01.01"]
[SourceVersion "1"]
[SourceVersionDate "2025.01.01"]
[SourceQuality "1"]

1. e4 c6 2. d3 d5 3. Nd2 e5 4. Ngf3 Bd6 5. g3 Nf6 6. Bg2 O-O 7. h3 Re8 8. O-O a5 9. Re1 Na6 10. d4 dxe4 11. Nxe5 Bxe5 12. dxe5 Rxe5 13. Nxe4 Bf5 14. Nxf6+ Qxf6 15. Rxe5 Qxe5 16. c3 Re8 17. Be3 Qe6 18. Kh2 Nc7 19. Qb3 Nd5 20. Re1 Qd7 21. Rd1 Qc8 22. Bxd5 cxd5 23. Qxd5 a4 24. Rd4 Bxh3 25. Rxa4 Bf1 26. Rh4 Rd8 27. Qe5 Re8 28. Qh5 Qc6 29. Qxh7+ Kf8 30. Bc5+ Qxc5 31. Kg1 Re1 32. Qh8+ Ke7 33. Rd4 Bh3+ 0-1